Biogas production from vegetable and fruit wastes combined with manure from pigs or buffaloes : Master thesis Animal sciences
A series of experiments was carried out to determinethe effect on biogas production when manure from buffalos and pigs was supplemented with : (i) vegetable waste; (ii) fruit waste; (iii) water spinach (Ipomoea aquatica); or (iv) Siam weed (chromalaena odorata).
Đã lưu trong:
| Tác giả chính: | |
|---|---|
| Định dạng: | Sách |
| Ngôn ngữ: | Undetermined |
| Được phát hành: |
Can Tho
Can Tho University
2017
|
| Những chủ đề: | |
| Các nhãn: |
Thêm thẻ
Không có thẻ, Là người đầu tiên thẻ bản ghi này!
|
| Thư viện lưu trữ: | Trung tâm Học liệu Trường Đại học Cần Thơ |
|---|
| LEADER | 00960nam a2200217Ia 4500 | ||
|---|---|---|---|
| 001 | CTU_221583 | ||
| 008 | 210402s9999 xx 000 0 und d | ||
| 082 | |a 665.776 | ||
| 082 | |b S712 | ||
| 088 | |a 60620105 | ||
| 100 | |a Sopheap, Yen | ||
| 245 | 0 | |a Biogas production from vegetable and fruit wastes combined with manure from pigs or buffaloes : | |
| 245 | 0 | |b Master thesis Animal sciences | |
| 245 | 0 | |c Yen Sopheap ; Nguyen Thi Thuy, T. R. Preston (Scientific supervisors) | |
| 260 | |a Can Tho | ||
| 260 | |b Can Tho University | ||
| 260 | |c 2017 | ||
| 520 | |a A series of experiments was carried out to determinethe effect on biogas production when manure from buffalos and pigs was supplemented with : (i) vegetable waste; (ii) fruit waste; (iii) water spinach (Ipomoea aquatica); or (iv) Siam weed (chromalaena odorata). | ||
| 650 | |a Khí sinh học,Biogas | ||
| 910 | |a Anh Thư,Hải | ||
| 980 | |a Trung tâm Học liệu Trường Đại học Cần Thơ | ||